[Event "12.Città di Padova Open A"]
[Site "Padova"]
[Date "2009.12.19"]
[Round "8.10"]
[White "Genocchio, Daniele"]
[Black "Boscolo, Federico Meneguolo"]
[Result "1-0"]
[WhiteElo "2464"]
[BlackElo "1990"]
[Annotator "Gabriele Ballarin"]
[PlyCount "69"]
[EventDate "2009.12.13"]
[EventType "swiss"]
[EventRounds "9"]
[EventCountry "ITA"]

1. g3 Nf6 2. Bg2 g6 3. e4 d6 4. d4 Bg7 5. Nc3 c6 6. a4 O-O 7. a5 e5 8. Nge2 Be6 9. O-O Qc8 10. Bg5 Bh3 11. d5 Bxg2 12. Kxg2 c5 13. f3 Na6 14. Nb5 Qd7 15. c4 Ne8 16. g4 f5 17. gxf5 gxf5 18. Ng3 f4 19. Nf5 Rxf5 20. exf5 Qxf5 21. Bh4 Nb4 22. Rc1 Nd3 23. Rb1 a6 24. Nc3 Bf6 25. Be1 e4 26. Nxe4 Ne5 27. Qe2 Kh8 28. Bc3 Ng7 29. Nxd6 Qg6+ 30. Kh1 Rd8 31. Rg1 Qh5 32. Bxe5 Rxd6 33. Bxd6 Nf5 34. Be5 Ng3+ 35. Rxg3 1-0

[Event "12.Città di Padova Open A"]
[Site "Padova"]
[Date "2009.12.19"]
[Round "8.11"]
[White "Antoniacci, Riccardo"]
[Black "Casciello, Dimitri"]
[Result "1/2-1/2"]
[WhiteElo "1895"]
[BlackElo "2028"]
[Annotator "Gabriele Ballarin"]
[PlyCount "143"]
[EventDate "2009.12.13"]
[EventType "swiss"]
[EventRounds "9"]
[EventCountry "ITA"]

1. e4 c5 2. Nf3 d6 3. d4 cxd4 4. Nxd4 Nf6 5. Nc3 g6 6. Be2 Bg7 7. Be3 O-O 8. O-O Nc6 9. Nb3 Be6 10. f4 Qc8 11. Kh1 Rd8 12. Qe1 Nb4 13. Bd3 Bc4 14. Qe2 Nxd3 15. cxd3 Ba6 16. f5 e6 17. Bd4 gxf5 18. exf5 e5 19. Bf2 Qc6 20. Rac1 e4 21. Qe3 exd3 22. Rfd1 Re8 23. Qg3 Kh8 24. Bd4 Rg8 25. Nd2 Nh5 26. Qh4 Bxd4 27. Qxd4+ Rg7 28. Nce4 Qd7 29. Rf1 f6 30. Nxf6 Nxf6 31. Qxf6 Qe7 32. Qd4 Qe5 33. Rf4 Rag8 34. g3 b6 35. Rcf1 Bb7+ 36. Kg1 Qe2 37. R4f2 Qh5 38. Ne4 Qh3 39. Rf4 d2 40. Rd1 Bxe4 41. Rxe4 Qxf5 42. Rxd2 Rc8 43. Kg2 Kg8 44. Rf4 Qc5 45. Qxd6 Qxd6 46. Rxd6 Rc2+ 47. Rf2 Rgc7 48. Rdf6 Kg7 49. Rxc2 Rxc2+ 50. Rf2 Rc4 51. Kf1 Kg6 52. Ke2 h5 53. Kd3 b5 54. Rc2 Ra4 55. b3 Rb4 56. Rc5 h4 57. Kc3 a5 58. a3 hxg3 59. hxg3 Rg4 60. Rxb5 Rxg3+ 61. Kc4 a4 62. bxa4 Rxa3 63. a5 Kf6 64. Kc5 Ke6 65. Kc6 Rc3+ 66. Kb7 Kd7 67. a6 Rc7+ 68. Kb8 Rc8+ 69. Ka7 Kc6 70. Rb8 Rc7+ 71. Rb7 Rc8 72. Rh7 1/2-1/2

[Event "12.Città di Padova Open A"]
[Site "Padova"]
[Date "2009.12.19"]
[Round "8.12"]
[White "Battagin_214, Mosè"]
[Black "Litrico, Paolo"]
[Result "1-0"]
[WhiteElo "1916"]
[BlackElo "1906"]
[Annotator "Gabriele Ballarin"]
[PlyCount "105"]
[EventDate "2009.12.13"]
[EventType "swiss"]
[EventRounds "9"]
[EventCountry "ITA"]

1. e4 e5 2. Nf3 Nc6 3. Bc4 Bc5 4. d3 Nf6 5. Nc3 h6 6. O-O a6 7. Nd5 d6 8. c3 O-O 9. b4 Ba7 10. Be3 Nxd5 11. Bxd5 Ne7 12. Bb3 Ng6 13. Qd2 Qf6 14. Kh1 Be6 15. Ng1 Nf4 16. g3 Ng6 17. Bxa7 Rxa7 18. f4 Bxb3 19. axb3 exf4 20. gxf4 Raa8 21. Ne2 Qh4 22. Rg1 Kh8 23. Raf1 Qh5 24. Ng3 Qh3 25. Qe2 Rae8 26. Qd1 Rg8 27. Nf5 Rxe4 28. dxe4 Qxc3 29. Qh5 Kh7 30. Rg3 Qxb4 31. Qf3 a5 32. Kg1 b5 33. Qd3 Re8 34. Re3 Qc5 35. Kh1 Qb6 36. Qd4 Qxd4 37. Nxd4 Rb8 38. Nc6 Ra8 39. f5 Nf8 40. Ra1 a4 41. bxa4 bxa4 42. Rea3 Nd7 43. Rxa4 Re8 44. Ra7 Rxe4 45. Rxc7 Nf6 46. Rxf7 Kg8 47. Rb7 Nh5 48. Rg1 Kf8 49. Nd8 Re7 50. Ne6+ Kf7 51. Rxe7+ Kxe7 52. Nxg7 Nf4 53. Ne6 1-0

[Event "12.Città di Padova Open A"]
[Site "Padova"]
[Date "2009.12.19"]
[Round "8.14"]
[White "Zanini, Andrea"]
[Black "Lodi, Paolo"]
[Result "0-1"]
[WhiteElo "1669"]
[BlackElo "1627"]
[Annotator "Gabriele Ballarin"]
[PlyCount "83"]
[EventDate "2009.12.13"]
[EventType "swiss"]
[EventRounds "9"]
[EventCountry "ITA"]

1. d4 f5 2. Nc3 e6 3. Nf3 Nf6 4. g3 b6 5. Bg2 Bb7 6. O-O Be7 7. e3 O-O 8. a3 a6 9. Re1 Qe8 10. Bd2 d6 11. b4 Nbd7 12. Ng5 Bxg2 13. Kxg2 Bd8 14. Qf3 d5 15. Qe2 Ne4 16. Ncxe4 fxe4 17. Nh3 Qf7 18. Ng1 Bf6 19. Rf1 c5 20. c3 c4 21. Qg4 Rae8 22. Qd1 Qg6 23. f3 exf3+ 24. Nxf3 Qe4 25. Qb1 Qxb1 26. Raxb1 e5 27. h3 exd4 28. exd4 Re2+ 29. Rf2 Rfe8 30. Kf1 R2e6 31. Ng5 Bxg5 32. Bxg5 h6 33. Bd2 Nf6 34. Re1 Ne4 35. Rh2 Nxg3+ 36. Kf2 Ne4+ 37. Kf1 Nxd2+ 38. Rxd2 Rxe1+ 39. Kf2 R1e3 40. Kg2 Rxc3 41. Kf2 Rxh3 42. Kg2 0-1

[Event "12.Città di Padova Open A"]
[Site "Padova"]
[Date "2009.12.19"]
[Round "8.15"]
[White "Garonzi, Martino"]
[Black "Zordan, Antonio"]
[Result "1-0"]
[WhiteElo "2028"]
[BlackElo "1789"]
[Annotator "Gabriele Ballarin"]
[PlyCount "113"]
[EventDate "2009.12.13"]
[EventType "swiss"]
[EventRounds "9"]
[EventCountry "ITA"]

1. e4 e5 2. Nf3 Nc6 3. Bc4 Nf6 4. d3 Bc5 5. Be3 d6 6. Nc3 Bg4 7. Qd2 Qd7 8. h3 Be6 9. Bb5 a6 10. Bxc6 Qxc6 11. Bxc5 Qxc5 12. d4 exd4 13. Qxd4 Qxd4 14. Nxd4 O-O-O 15. O-O Rhe8 16. Rfe1 d5 17. Nxe6 Rxe6 18. exd5 Rxe1+ 19. Rxe1 Nxd5 20. Ne4 c6 21. Nc5 b6 22. Nd3 Kc7 23. Kf1 c5 24. g3 Rd7 25. Re2 f6 26. c4 Ne7 27. Nf4 Nc6 28. Nd5+ Kb7 29. b3 b5 30. cxb5 axb5 31. Nc3 Nd4 32. Rd2 Kc6 33. Ne2 Nxe2 34. Kxe2 Rxd2+ 35. Kxd2 Kd5 36. Kd3 b4 37. f3 f5 38. g4 fxg4 39. fxg4 g5 40. Ke3 c4 41. bxc4+ Kxc4 42. Ke4 Kc5 43. Ke5 Kc4 44. Kd6 Kd3 45. Kc6 Ke3 46. Kc5 Kf3 47. Kxb4 Kg3 48. a4 Kxh3 49. a5 Kxg4 50. a6 h5 51. a7 h4 52. a8=Q h3 53. Qh1 Kg3 54. Qg1+ Kf3 55. Qh2 g4 56. Kc4 Ke4 57. Qg3 1-0

[Event "12.Città di Padova Open A"]
[Site "Padova"]
[Date "2009.12.19"]
[Round "8.16"]
[White "De Marchi, Alessandro"]
[Black "Franco, Alessandro P"]
[Result "1/2-1/2"]
[WhiteElo "1654"]
[BlackElo "1638"]
[Annotator "Gabriele Ballarin"]
[PlyCount "61"]
[EventDate "2009.12.13"]
[EventType "swiss"]
[EventRounds "9"]
[EventCountry "ITA"]

1. d4 Nf6 2. Nf3 e6 3. c4 c5 4. Nc3 cxd4 5. Nxd4 a6 6. a3 Be7 7. e4 d6 8. Be3 Qc7 9. Be2 Nc6 10. Nxc6 bxc6 11. O-O O-O 12. f4 Rb8 13. Rb1 c5 14. g4 Bb7 15. Bf3 Rfd8 16. Qe2 d5 17. cxd5 exd5 18. exd5 Nxd5 19. Nxd5 Bxd5 20. Bxd5 Rxd5 21. Rfd1 Rxd1+ 22. Qxd1 Bf6 23. Qc2 Qe7 24. Bxc5 Qc7 25. Qf2 Rxb2 26. Rxb2 Bxb2 27. Qxb2 Qxc5+ 28. Kg2 h6 29. Qb8+ Qf8 30. Qb3 Qd6 31. Qe3 1/2-1/2

[Event "12.Città di Padova Open A"]
[Site "Padova"]
[Date "2009.12.20"]
[Round "9.2"]
[White "Dervishi, Erald"]
[Black "Quinn, Mark"]
[Result "1-0"]
[WhiteElo "2564"]
[BlackElo "2393"]
[Annotator "Gabriele Ballarin"]
[PlyCount "57"]
[EventDate "2009.12.13"]
[EventType "swiss"]
[EventRounds "9"]
[EventCountry "ITA"]

1. e4 c5 2. Nf3 d6 3. d4 cxd4 4. Nxd4 Nf6 5. Nc3 g6 6. Bc4 Bg7 7. Be3 a6 8. h3 O-O 9. O-O Nxe4 10. Nxe4 d5 11. Bxd5 Qxd5 12. Qf3 Qe5 13. Rad1 Nd7 14. Nc3 e6 15. Bf4 Qc5 16. Nb3 Qf5 17. g4 Qf6 18. Qe3 b5 19. Rd6 h6 20. Nd5 Qxb2 21. Ne7+ Kh7 22. Nxc8 Raxc8 23. Rxd7 e5 24. Bg3 Qxa2 25. Nc5 Qxc2 26. Ne6 Rfe8 27. Nxg7 Kxg7 28. Bxe5+ Kg8 29. Qf4 1-0

[Event "12.Città di Padova Open A"]
[Site "Padova"]
[Date "2009.12.20"]
[Round "9.3"]
[White "Efimov, Igor"]
[Black "Grover, Sahaj"]
[Result "1/2-1/2"]
[WhiteElo "2435"]
[BlackElo "2372"]
[Annotator "Gabriele Ballarin"]
[PlyCount "22"]
[EventDate "2009.12.13"]
[EventType "swiss"]
[EventRounds "9"]
[EventCountry "ITA"]

1. d4 d5 2. Nf3 Nf6 3. g3 c6 4. Bg2 Bf5 5. O-O h6 6. c4 e6 7. Qb3 Qb6 8. Nc3 Nbd7 9. c5 Qxb3 10. axb3 a6 11. b4 Rc8 1/2-1/2

[Event "12.Città di Padova Open A"]
[Site "Padova"]
[Date "2009.12.20"]
[Round "9.5"]
[White "Naumkin, Igor"]
[Black "Kizov, Atanas"]
[Result "1-0"]
[WhiteElo "2463"]
[BlackElo "2415"]
[Annotator "Gabriele Ballarin"]
[PlyCount "69"]
[EventDate "2009.12.13"]
[EventType "swiss"]
[EventRounds "9"]
[EventCountry "ITA"]

1. d4 Nf6 2. c4 g6 3. Nc3 Bg7 4. e4 d6 5. Nf3 O-O 6. Be2 c6 7. O-O e5 8. Re1 exd4 9. Nxd4 Re8 10. Bf1 Ng4 11. h3 Qb6 12. hxg4 Qxd4 13. g5 Qxd1 14. Rxd1 Be5 15. f3 Nd7 16. Be3 f6 17. gxf6 Nxf6 18. Rac1 Be6 19. Rc2 Bf7 20. Rcd2 a5 21. Na4 Nh5 22. Nb6 Rad8 23. Bg5 c5 24. Bxd8 Rxd8 25. b3 g5 26. Na4 b6 27. Nxb6 Nf4 28. g3 Ne6 29. Bh3 Nd4 30. Kg2 h5 31. Rf2 Nxf3 32. Rxf3 g4 33. Bxg4 hxg4 34. Rf5 Re8 35. Nd7 1-0

[Event "12.Città di Padova Open A"]
[Site "Padova"]
[Date "2009.12.20"]
[Round "9.6"]
[White "Sanchez, Joseph"]
[Black "Dvirnyy, Danyyil"]
[Result "1-0"]
[WhiteElo "2487"]
[BlackElo "2461"]
[Annotator "Gabriele Ballarin"]
[PlyCount "155"]
[EventDate "2009.12.13"]
[EventType "swiss"]
[EventRounds "9"]
[EventCountry "ITA"]

1. e4 e6 2. d4 d5 3. Nc3 Nc6 4. Nf3 Nf6 5. Bd3 Nb4 6. e5 Nxd3+ 7. Qxd3 Nd7 8. Bg5 Be7 9. h4 a6 10. O-O-O Nb6 11. Rh3 h6 12. Bf4 g6 13. Kb1 Bd7 14. Rg3 Bc6 15. h5 g5 16. Bc1 Qd7 17. Nh2 O-O-O 18. f4 Rdg8 19. Rf1 Qe8 20. fxg5 hxg5 21. Qf3 Rh7 22. Ng4 Nd7 23. a3 Qf8 24. Rh3 Qg7 25. Qf2 Qh8 26. h6 Rf8 27. Rf3 Qg8 28. b3 Qg6 29. Kb2 Qh5 30. Qg3 Qg6 31. Bd2 b6 32. Nd1 Bb5 33. Re1 a5 34. a4 Ba6 35. Nc3 Qh5 36. Nb5 Qh4 37. Qh3 Qxh3 38. gxh3 c6 39. Nd6+ Kc7 40. c4 f5 41. exf6 Bxd6 42. Rxe6 dxc4 43. Bxg5 Bc8 44. bxc4 Rg8 45. h4 Nf8 46. Re7+ Bxe7 47. fxe7 Nd7 48. Bf4+ Kb7 49. Bd6 Rhh8 50. Rf4 c5 51. d5 Rg6 52. h7 Rxd6 53. Rf8 Nxf8 54. e8=Q Bxg4 55. Qe5 Rxh7 56. Qxd6 Rf7 57. Qg3 Bd1 58. Kc1 Bxa4 59. h5 Be8 60. h6 Nd7 61. Qe3 Rf1+ 62. Kb2 Bg6 63. Qe7 Bf5 64. Qf7 Rf2+ 65. Kc1 Rf1+ 66. Kd2 Bh3 67. Qh5 Bf5 68. h7 Bxh7 69. Qxh7 Kc8 70. Qg8+ Rf8 71. Qg7 Re8 72. Kc2 Re3 73. Qh6 Re2+ 74. Kb3 Kd8 75. Ka4 Rf2 76. d6 Rf6 77. Qh8+ Rf8 78. Qh1 1-0

[Event "12.Città di Padova Open A"]
[Site "Padova"]
[Date "2009.12.20"]
[Round "9.7"]
[White "Borgo, Giulio"]
[Black "Dragojlovic, Andjelko"]
[Result "0-1"]
[WhiteElo "2439"]
[BlackElo "2394"]
[Annotator "Gabriele Ballarin"]
[PlyCount "69"]
[EventDate "2009.12.13"]
[EventType "swiss"]
[EventRounds "9"]
[EventCountry "ITA"]

1. e4 c5 2. Nf3 g6 3. c4 Bg7 4. d4 cxd4 5. Nxd4 Qb6 6. Nb3 d6 7. Be2 Be6 8. O-O Nd7 9. Be3 Qc7 10. Nd4 Ngf6 11. Nd2 Nc5 12. Qc2 a5 13. Nb5 Qc8 14. Bd4 O-O 15. Rfe1 Bd7 16. Nc3 e5 17. Be3 Ne6 18. Rac1 Nd4 19. Qd3 Bc6 20. Nd5 Bxd5 21. cxd5 Qd8 22. f3 Nd7 23. Nb3 Qb6 24. Bxd4 exd4 25. Qb5 a4 26. Qxb6 Nxb6 27. Nd2 d3 28. Bxd3 Bxb2 29. Rc7 Rab8 30. Rb1 Ba3 31. Nc4 Nxc4 32. Rxc4 Rfc8 33. Rxc8+ Rxc8 34. Kf1 Rc3 35. Ke2 0-1

[Event "12.Città di Padova Open A"]
[Site "Padova"]
[Date "2009.12.20"]
[Round "9.9"]
[White "Magrini, Fabrizio"]
[Black "Battagin_214, Mosè"]
[Result "0-1"]
[WhiteElo "2146"]
[BlackElo "1916"]
[Annotator "Gabriele Ballarin"]
[PlyCount "64"]
[EventDate "2009.12.13"]
[EventType "swiss"]
[EventRounds "9"]
[EventCountry "ITA"]

1. e4 d6 2. d4 Nf6 3. Nc3 g6 4. Bg5 Bg7 5. Qd2 c6 6. Nf3 Qa5 7. O-O-O h6 8. Bh4 Bg4 9. Kb1 Bxf3 10. gxf3 Nbd7 11. f4 O-O-O 12. e5 dxe5 13. fxe5 Nxe5 14. Qe2 Ned7 15. Qxe7 Qh5 16. Bg3 Nd5 17. Qa3 Nxc3+ 18. bxc3 Qxd1+ 19. Kb2 Bxd4 20. Bh3 Qd2 21. cxd4 Qxd4+ 22. c3 Qd2+ 23. Kb3 Qd5+ 24. Kc2 f5 25. Qxa7 Ne5 26. Re1 Rhe8 27. Re3 Kc7 28. Bg2 Qd2+ 29. Kb3 Qd1+ 30. Ka3 Ra8 31. Rxe5 Rxa7+ 32. Ra5+ Kb6 0-1

[Event "12.Città di Padova Open A"]
[Site "Padova"]
[Date "2009.12.20"]
[Round "9.10"]
[White "Casciello, Dimitri"]
[Black "Belloni, Umberto"]
[Result "1-0"]
[WhiteElo "2028"]
[BlackElo "1858"]
[Annotator "Gabriele Ballarin"]
[PlyCount "143"]
[EventDate "2009.12.13"]
[EventType "swiss"]
[EventRounds "9"]
[EventCountry "ITA"]

1. e4 e6 2. d4 d5 3. Nc3 Nf6 4. e5 Nfd7 5. Nce2 c5 6. c3 cxd4 7. cxd4 b6 8. Nc3 Ba6 9. Bxa6 Nxa6 10. a3 Qc7 11. Nge2 Rc8 12. O-O Nab8 13. Bf4 Qb7 14. Qd3 Be7 15. Qg3 g6 16. Bh6 a6 17. Rac1 Nc6 18. b4 b5 19. Rb1 Nb6 20. Rb3 Nc4 21. Rd1 Bd8 22. Qh3 Rg8 23. Nf4 Ne7 24. g4 Qd7 25. Bg5 h5 26. f3 Nc6 27. Bxd8 Qxd8 28. gxh5 Qg5+ 29. Qg3 Qxg3+ 30. hxg3 gxh5 31. Nxh5 Ke7 32. Kf2 Rh8 33. g4 Rh6 34. Ne2 Nb8 35. Rc3 Nd7 36. Nc1 Rhh8 37. Nd3 Nb2 38. Rxc8 Nxd3+ 39. Rxd3 Rxc8 40. Nf4 Nb6 41. Rb3 Rc2+ 42. Ke1 Rc4 43. Ne2 Rc8 44. Rc3 Nc4 45. Nc1 f6 46. exf6+ Kxf6 47. Nd3 Rh8 48. Nc5 Rh1+ 49. Kf2 Ra1 50. Nxa6 Nxa3 51. Nc7 Nc4 52. Nxb5 Rb1 53. Na3 Rxb4 54. Nxc4 dxc4 55. f4 Rb2+ 56. Ke3 Rb4 57. Ke4 Kf7 58. d5 Ra4 59. Kd4 exd5 60. Kxd5 Ra5+ 61. Kd4 Ra8 62. Rxc4 Re8 63. Rc6 Kg7 64. Kd5 Re1 65. Re6 Ra1 66. Ke5 Ra5+ 67. Ke4 Kf7 68. Re5 Ra8 69. Kf5 Rf8 70. g5 Kg7+ 71. Kg4 Rf7 72. f5 1-0

[Event "12.Città di Padova Open A"]
[Site "Padova"]
[Date "2009.12.20"]
[Round "9.11"]
[White "Rettore, Ludwig"]
[Black "Antoniacci, Riccardo"]
[Result "1-0"]
[WhiteElo "2197"]
[BlackElo "1895"]
[Annotator "Gabriele Ballarin"]
[PlyCount "79"]
[EventDate "2009.12.13"]
[EventType "swiss"]
[EventRounds "9"]
[EventCountry "ITA"]

1. d4 Nf6 2. Nf3 e6 3. c4 Nc6 4. e3 Bb4+ 5. Bd2 O-O 6. Bd3 d6 7. Bxb4 Nxb4 8. Nc3 Qe7 9. e4 e5 10. d5 a5 11. O-O Bg4 12. Be2 b6 13. Ne1 Bd7 14. a3 Na6 15. Nd3 g5 16. Qd2 Ng4 17. b4 axb4 18. axb4 Qf6 19. Ra3 Qh6 20. Bxg4 Bxg4 21. Rfa1 Bc8 22. b5 f5 23. exf5 Qf6 24. bxa6 Bxf5 25. Nb4 g4 26. Re1 Qg6 27. Nc6 Rf7 28. a7 Bd3 29. Ra4 Kg7 30. Nd1 Rf4 31. Ne3 h5 32. Rd1 Bb1 33. Qb4 Bc2 34. Ne7 Qf7 35. Nxc2 Rxf2 36. Ne3 Re2 37. N3f5+ Kh8 38. Re1 Rxg2+ 39. Kxg2 h4 40. Qd2 1-0

[Event "12.Città di Padova Open A"]
[Site "Padova"]
[Date "2009.12.20"]
[Round "9.12"]
[White "Boscolo, Federico Meneguolo"]
[Black "Garonzi, Martino"]
[Result "1-0"]
[WhiteElo "1990"]
[BlackElo "2028"]
[Annotator "Gabriele Ballarin"]
[PlyCount "59"]
[EventDate "2009.12.13"]
[EventType "swiss"]
[EventRounds "9"]
[EventCountry "ITA"]

1. e4 e5 2. Nf3 Nc6 3. Bc4 Bc5 4. d4 exd4 5. c3 Nf6 6. e5 d5 7. Bb5 Ne4 8. cxd4 Bb4+ 9. Nbd2 Bd7 10. Bxc6 Bxc6 11. O-O O-O 12. Qe2 Re8 13. Rd1 Nxd2 14. Bxd2 Be7 15. Ne1 Qd7 16. Nc2 b6 17. Ne3 Bb7 18. f4 f6 19. Qh5 fxe5 20. fxe5 c5 21. Nf5 Bf8 22. Rf1 Rac8 23. Rf3 cxd4 24. Rg3 g6 25. Rf1 Rxe5 26. Rxg6+ hxg6 27. Qxg6+ Bg7 28. Nh6+ Kh8 29. Nf7+ Kg8 30. Bh6 1-0

[Event "12.Città di Padova Open A"]
[Site "Padova"]
[Date "2009.12.20"]
[Round "9.13"]
[White "Di Lazzaro, Gabriele"]
[Black "Lodi, Paolo"]
[Result "1-0"]
[WhiteElo "1930"]
[BlackElo "1627"]
[Annotator "Gabriele Ballarin"]
[PlyCount "57"]
[EventDate "2009.12.13"]
[EventType "swiss"]
[EventRounds "9"]
[EventCountry "ITA"]

1. e4 e6 2. d4 d5 3. Nd2 c5 4. exd5 exd5 5. Ngf3 Nc6 6. Bb5 Bd6 7. O-O Nge7 8. dxc5 Bxc5 9. Nb3 Bd6 10. Re1 O-O 11. Bd3 Bg4 12. Bxh7+ Kh8 13. Bd3 Ne5 14. Be2 Bxf3 15. Bxf3 Nxf3+ 16. Qxf3 Qc7 17. Qh3+ Kg8 18. c3 Rae8 19. Be3 f6 20. Nd4 Kf7 21. Ne6 Bxh2+ 22. Kh1 Qb8 23. Nxf8 Rxf8 24. Qh5+ g6 25. Qh7+ Ke8 26. Bc5 Bd6 27. Rxe7+ Kd8 28. Rd7+ Kc8 29. Bxd6 1-0

[Event "12.Città di Padova Open A"]
[Site "Padova"]
[Date "2009.12.20"]
[Round "9.14"]
[White "Franco, Alessandro P"]
[Black "Isatto, Davide"]
[Result "0-1"]
[WhiteElo "1638"]
[BlackElo "1947"]
[Annotator "Gabriele Ballarin"]
[PlyCount "62"]
[EventDate "2009.12.13"]
[EventType "swiss"]
[EventRounds "9"]
[EventCountry "ITA"]

1. e4 d6 2. f4 Nf6 3. Nc3 c5 4. Nf3 g6 5. d4 cxd4 6. Nxd4 a6 7. Bc4 b5 8. Bb3 Bb7 9. O-O Nxe4 10. f5 Nf6 11. fxg6 hxg6 12. Qe2 Bg7 13. Bg5 O-O 14. Rae1 Qb6 15. Be3 Qc7 16. Qd3 Kh8 17. Bd2 d5 18. Qh3+ Kg8 19. Nf3 e6 20. Ng5 Nbd7 21. Ne2 Rfe8 22. c3 Qc5+ 23. Kh1 Qe7 24. Bc2 Nf8 25. Nf4 e5 26. Nd3 e4 27. Bb3 Qd7 28. Qxd7 N8xd7 29. Nf4 Bh6 30. Nfh3 Kg7 31. Bd1 Re5 0-1

[Event "12.Città di Padova Open A"]
[Site "Padova"]
[Date "2009.12.20"]
[Round "9.16"]
[White "Zordan, Antonio"]
[Black "De Vito, Angelo"]
[Result "1-0"]
[WhiteElo "1789"]
[BlackElo "1440"]
[Annotator "Gabriele Ballarin"]
[PlyCount "71"]
[EventDate "2009.12.13"]
[EventType "swiss"]
[EventRounds "9"]
[EventCountry "ITA"]

1. e4 e5 2. Nf3 Nc6 3. Bc4 Bc5 4. c3 d6 5. d4 exd4 6. cxd4 Bb4+ 7. Nc3 Nf6 8. O-O O-O 9. Re1 Bxc3 10. bxc3 h6 11. e5 dxe5 12. Nxe5 Nxe5 13. Rxe5 Bg4 14. Qd3 Qd7 15. Bxh6 Be6 16. Bxe6 fxe6 17. Qg3 Qf7 18. h3 Nh7 19. Rae1 Rae8 20. d5 Re7 21. Rxe6 Rxe6 22. Rxe6 Kh8 23. Be3 Qh5 24. Bd4 Nf6 25. Bxf6 Rxf6 26. c4 Qd1+ 27. Kh2 Qc2 28. Qh4+ Kg8 29. Rxf6 gxf6 30. Qxf6 Qxc4 31. Qe6+ Kf8 32. g3 Qxa2 33. Qc8+ Ke7 34. Qxc7+ Kf6 35. Qf4+ Ke7 36. Qe5+ 1-0

[Event "70.Prov PD e Monselice"]
[Site "Padova ITA"]
[Date "2010.01.15"]
[Round "1.1"]
[White "Meggiorin, Orlando"]
[Black "Occari, Maurizio"]
[Result "0-1"]
[WhiteElo "1826"]
[BlackElo "2034"]
[Annotator "Gabriele Ballarin"]
[PlyCount "138"]
[EventDate "2010.01.15"]
[EventType "swiss"]
[EventCountry "ITA"]

1. e4 g6 2. Nf3 Bg7 3. d4 d6 4. Bd3 Bg4 5. Be3 c5 6. c3 Qc7 7. Nbd2 Nf6 8. h3 Bd7 9. O-O O-O 10. e5 Nd5 11. Re1 Nxe3 12. Rxe3 dxe5 13. Nxe5 cxd4 14. cxd4 Nc6 15. Nxc6 Bxc6 16. Nb3 Rfd8 17. Be2 e6 18. Bf3 Rd6 19. Bxc6 Qxc6 20. Rd3 Rad8 21. Rc1 Qb6 22. Rc4 Qa6 23. Qc2 b6 24. Rc7 Bxd4 25. Nxd4 Rxd4 26. Rf3 Rd1+ 27. Kh2 R1d7 28. Rxd7 Rxd7 29. Qc6 Qb7 30. Qxb7 Rxb7 31. Rc3 Rd7 32. Rc2 e5 33. Kg3 f5 34. f3 Kf7 35. Rc6 g5 36. Rc2 h5 37. Kf2 h4 38. Ke2 Ke6 39. Rc6+ Rd6 40. Rc7 a5 41. Rg7 Kf6 42. Rh7 Re6 43. Rc7 f4 44. a3 e4 45. fxe4 Rxe4+ 46. Kf2 b5 47. Rc5 Re5 48. Rc6+ Kf5 49. Rc3 Ke4 50. Rc2 Kd3 51. Rc3+ Kd2 52. Rc6 Kd3 53. Rc3+ Kd4 54. Rc2 Re3 55. Rc6 b4 56. axb4 axb4 57. Rd6+ Kc4 58. Rd2 Kb3 59. Rd5 Rg3 60. Rd2 f3 61. gxf3 Rxh3 62. Kg2 Rg3+ 63. Kf2 g4 64. fxg4 Rxg4 65. Kf3 Rg3+ 66. Kf2 Rg6 67. Kf1 Rc6 68. Ke1 Rc1+ 69. Ke2 Rc2 0-1

[Event "70.Prov PD e Monselice"]
[Site "Padova ITA"]
[Date "2010.01.15"]
[Round "1.2"]
[White "Temporin, Alberto"]
[Black "Fracasso Pezzolato, Michele"]
[Result "1-0"]
[WhiteElo "2000"]
[BlackElo "1789"]
[Annotator "Gabriele Ballarin"]
[PlyCount "97"]
[EventDate "2010.01.15"]
[EventType "swiss"]
[EventCountry "ITA"]

1. e4 c5 2. Nf3 d6 3. Nc3 Nf6 4. h3 g6 5. Bc4 Bg7 6. d3 a6 7. a4 b6 8. Bg5 Nbd7 9. Qc1 h6 10. Bd2 Bb7 11. O-O e6 12. Re1 Ne5 13. Nxe5 dxe5 14. Ne2 Qd7 15. b4 h5 16. bxc5 bxc5 17. Be3 Qc7 18. Qa3 Rc8 19. Rab1 Nd7 20. a5 O-O 21. Rb2 Rfe8 22. Reb1 Bc6 23. Bxc5 Nxc5 24. Qxc5 Bxe4 25. Qxc7 Rxc7 26. Bxa6 Bc6 27. Bc4 Bf8 28. Rb8 Rec8 29. Rxc8 Rxc8 30. f3 Bc5+ 31. Kf1 Kf8 32. Ke1 Ra8 33. a6 Ke7 34. Nc3 Kd8 35. Kd2 Kc8 36. Re1 Bd4 37. Nb5 Kd7 38. Nxd4 exd4 39. Rb1 f6 40. c3 dxc3+ 41. Kxc3 g5 42. Rb3 g4 43. hxg4 hxg4 44. fxg4 Bxg2 45. Rb6 Bc6 46. Kb4 Rg8 47. Bxe6+ Kxe6 48. Rxc6+ Kd7 49. Rc4 1-0

[Event "70.Prov PD e Monselice"]
[Site "Padova ITA"]
[Date "2010.01.15"]
[Round "1.3"]
[White "Franco, Alessandro P"]
[Black "Biagini, Leonardo"]
[Result "0-1"]
[WhiteElo "1746"]
[BlackElo "1963"]
[Annotator "Gabriele Ballarin"]
[PlyCount "82"]
[EventDate "2010.01.15"]
[EventType "swiss"]
[EventCountry "ITA"]

1. e4 e5 2. Nf3 Nc6 3. Bb5 a6 4. Ba4 Nf6 5. O-O b5 6. Bb3 Bc5 7. Re1 O-O 8. c3 d6 9. h3 h6 10. d4 Bb6 11. a4 Bb7 12. d5 Ne7 13. Nbd2 bxa4 14. Bxa4 Nd7 15. Nf1 f5 16. c4 a5 17. Bc2 f4 18. N1h2 Ng6 19. Qe2 Nf6 20. Kh1 Bc8 21. b4 Ba6 22. bxa5 Bc5 23. Ba3 Nd7 24. Nd2 Bd4 25. Rab1 Bc3 26. Bb4 f3 27. Nhxf3 Nf4 28. Qf1 Bxd2 29. Nxd2 Qh4 30. Re3 Nh5 31. Nf3 Qf4 32. Ba4 Ng3+ 33. fxg3 Qxe3 34. Bd2 Qxe4 35. Bb5 Bxb5 36. cxb5 Qxd5 37. Rc1 e4 38. Rxc7 exf3 39. gxf3 Rxf3 40. Qc4 Rf1+ 41. Kh2 Rh1# 0-1

[Event "70.Prov PD e Monselice"]
[Site "Padova ITA"]
[Date "2010.01.15"]
[Round "1.4"]
[White "Calicchia, Giovanni"]
[Black "De Marchi, Alessandro"]
[Result "0-1"]
[WhiteElo "1886"]
[BlackElo "1630"]
[Annotator "Gabriele Ballarin"]
[PlyCount "156"]
[EventDate "2010.01.15"]
[EventType "swiss"]
[EventCountry "ITA"]

1. e4 c5 2. Nf3 d6 3. c3 Nf6 4. Be2 Nc6 5. d3 g6 6. Nbd2 Bg7 7. O-O O-O 8. Re1 e5 9. a4 Nh5 10. h3 Nf4 11. Bf1 f5 12. Nc4 Ne6 13. exf5 Rxf5 14. Ne3 Rf7 15. Ng4 Qf8 16. d4 cxd4 17. cxd4 Rxf3 18. Qxf3 Qxf3 19. gxf3 Ncxd4 20. Rd1 Nxf3+ 21. Kg2 Ned4 22. Bc4+ Kf8 23. Be3 h5 24. Nh2 Nh4+ 25. Kg3 Nhf5+ 26. Kg2 Nc2 27. Rac1 Ncxe3+ 28. fxe3 Nxe3+ 29. Kg3 Nxd1 30. Rxd1 Ke7 31. h4 Bd7 32. b3 Bh6 33. Nf3 Bf4+ 34. Kg2 Bc6 35. Kf2 Rf8 36. Ke2 Bg3 37. Bd5 Bxd5 38. Rxd5 Bf4 39. Rb5 Rb8 40. Kd3 Ke6 41. Ke4 a6 42. Rb6 Rc8 43. Rxb7 d5+ 44. Kd3 e4+ 45. Ke2 Rc2+ 46. Kd1 Rc1+ 47. Ke2 exf3+ 48. Kxf3 Bd6 49. b4 Rc4 50. b5 axb5 51. axb5 Rxh4 52. Rg7 Rb4 53. b6 Rf4+ 54. Ke3 Re4+ 55. Kd3 Rb4 56. Rxg6+ Kd7 57. Rg5 Kc6 58. Rxh5 Rxb6 59. Kd4 Rb4+ 60. Kc3 Rg4 61. Rh6 Kc5 62. Rh8 Rg3+ 63. Kc2 d4 64. Rc8+ Kd5 65. Kd2 Bf4+ 66. Ke2 Ke4 67. Re8+ Be5 68. Kf2 Re3 69. Rd8 Rf3+ 70. Ke1 Bg3+ 71. Kd1 Kd3 72. Kc1 Bf4+ 73. Kb1 Rf2 74. Rd7 Be3 75. Ka1 Rc2 76. Kb1 Rc4 77. Kb2 Ke2 78. Kb3 Rc8 0-1

[Event "70.Prov PD e Monselice"]
[Site "Padova ITA"]
[Date "2010.01.15"]
[Round "1.5"]
[White "Simonetto, Adriano"]
[Black "Binder, Andrea"]
[Result "0-1"]
[WhiteElo "1491"]
[BlackElo "1866"]
[Annotator "Gabriele Ballarin"]
[PlyCount "44"]
[EventDate "2010.01.15"]
[EventType "swiss"]
[EventCountry "ITA"]

1. d4 d6 2. e4 Nf6 3. Nc3 g6 4. Bg5 Bg7 5. g3 h6 6. Be3 O-O 7. h3 Nbd7 8. Qd2 Kh7 9. O-O-O c6 10. Bd3 Qc7 11. g4 b5 12. g5 hxg5 13. Bxg5 Bb7 14. h4 e5 15. d5 b4 16. Nce2 c5 17. b3 c4 18. bxc4 Qa5 19. Kb1 Nh5 20. f4 exf4 21. Nxf4 Qa3 22. Nxh5 Qb2# 0-1